000 00830nam a2200241Ia 4500
003 OSt
005 20220923224914.0
006 a|||||r|||| 00| 0
007 ta
008 220922b |||||||| |||| 00| 0 hin d
024 _a253,503
037 _cTextual
040 _aARTS
_cARTS
_bhin
041 _2hin
_ahin
082 _aO15,1A2, 152P5
100 _aबसु, बुद्धदेव; बच्चन सिंह, अनु.
_9168260
245 0 _aमहाभारत की कथा
246 _ahinābhārat kī kathā
260 _aनई दिल्ली
_b भारतीय ज्ञानपीठ
_c2005
300 _a208पृ.
_ccm.
942 _hO15,1A2, 152P5
_cTEXL
_2CC
999 _c374577
_d374577